000 00574nam a22002297a 4500
003 UA-OsUOA
001 88068
007 ta
008 20120928b un ||||| |||| 00| 0 ukr d
100 _aВасильченко С.
090 _a821.161.2
_bВ19
942 _cBK
040 _aUA-OsUOA
_bukr
_cUA-OsUOA
_dUA-OsUOA
245 _aНезібрані твори
300 _a238 с.
955 _a3
041 _aukr
080 _a821.161.2
260 _aК.
_c1941
650 7 _a82 Література. Літературознавство
_2UDC
999 _c374240
_d374240